00525nam a2200157Ia 4500008004100000020001800041041000800059082001700067100002300084245005600107250000600163260003900169300001400208999001900222952012600241210716s2014 xx 000 0 und d a9788132111634 aeng a658.409 SENS aSengupta, Shombit. aStrategic pokes: business jalebi.bBusiness jalebi. a1 aNew DelhibSage Publicationsc2014 axviii,305 c211448d211448 001040708MBAaAIMITbAIMITd2019-11-09g495.00l0o658.409 SENSpMBA14017r2026-05-23 00:00:00v396.00w2021-07-16yBK